000 00457nam a2200181Ia 4500
001 43965
008 140425s9999 xx 000 0 und d
020 _aNA
040 _cPK-LaUMT
082 _aRHC 891.4393
_bSAL-N
100 _aSalahuddin Pervaiz
245 _aNamartaa (Urdu)
_cSalahuddin Pervaiz
260 _aNew Delhi,India:
_bShaoor Publications,
_c1980
300 _avar p.
546 _aUR
650 _aPakistani literature-Urdu
942 _cBK
999 _c41965
_d41965